00833nam a2200277 i 4500001000700000003000900007005001700016007000300033008004100036020001800077080002200095080001200117080001000129100003600139245015800175250001300333260003000346300003000376490001700406600003300423650002200456650001600478650002200494830001700516852002200533132957ES-MaACL20250801223015.0t|070214s1977 sp r ||||1| spa d a84-85269-04-7 a2 Blavatsky, H.P. a141.332 a21/291 aRoso de Luna, Mario,d1872-193113aEl simbolismo de las religiones del mundo y el problema de la fidelidad : bcomentarios a "La doctrina secreta" de H.P. Blavatsky / cMario Roso de Luna. a2ª. ed. aMadrid : bEyras, c1977. a444 p. : bil. ; c21 cm.1 aHespérides14aBlavatsky, H. P.,d1831-1891 7aTeosofía2embne 4aSimbolismo. 7aReligiones2embne1 aHespérides aES-MaACLjC-46231